Supreme Court reports : (Record no. 9352)

MARC details
000 -LEADER
fixed length control field 01029nam a22001937a 4500
003 - CONTROL NUMBER IDENTIFIER
control field OSt
005 - DATE AND TIME OF LATEST TRANSACTION
control field 20260410035624.0
008 - FIXED-LENGTH DATA ELEMENTS--GENERAL INFORMATION
fixed length control field 260410b |||||||| |||| 00| 0 eng d
020 ## - INTERNATIONAL STANDARD BOOK NUMBER
International Standard Book Number 971-16-0092-7
040 ## - CATALOGING SOURCE
Original cataloging agency DWC-Main lib.
Transcribing agency OC
082 ## - DEWEY DECIMAL CLASSIFICATION NUMBER
Classification number GR. 348.044 Su959
110 ## - MAIN ENTRY--CORPORATE NAME
Corporate name or jurisdiction name as entry element EDITORIAL STAFF OF THE CENTRAL LAWBOOK PUBLISHING CO., INC
245 ## - TITLE STATEMENT
Title Supreme Court reports :
Remainder of title annotated/
Statement of responsibility, etc. EDITORIAL STAFF OF THE CENTRAL LAWBOOK PUBLISHING CO., INC
260 ## - PUBLICATION, DISTRIBUTION, ETC.
Place of publication, distribution, etc. Manila, Philippines :
Name of publisher, distributor, etc. Central Lawbook Publishing Company, Inc.
300 ## - PHYSICAL DESCRIPTION
Extent various paging :
Dimensions 23 cm.
504 ## - BIBLIOGRAPHY, ETC. NOTE
Bibliography, etc. note v.141 - January to March 1986<br/>v.142 - April to July 11, 1986<br/>v.143 - July 14 to August, 1986<br/>v.144 - September to October 10, 1986<br/>v.145 - October 13 to November 25, 1986<br/>v.146 - November 26 to December 1986<br/>v.147 - January 1 to january 31, 1987<br/>v.148 - February to March 23, 1987<br/>v.149 - march 24 to May 19, 1987<br/>v.150 - May 20 to June 17, 1987
650 ## - SUBJECT ADDED ENTRY--TOPICAL TERM
Topical term or geographic name entry element 1. Law reports, digests, etc.--- Philippines.
942 ## - ADDED ENTRY ELEMENTS (KOHA)
Source of classification or shelving scheme Dewey Decimal Classification
Koha item type General Reference
Classification part GR.
Suppress in OPAC No
952 ## - LOCATION AND ITEM INFORMATION (KOHA)
--
952 ## - LOCATION AND ITEM INFORMATION (KOHA)
--
952 ## - LOCATION AND ITEM INFORMATION (KOHA)
--
952 ## - LOCATION AND ITEM INFORMATION (KOHA)
--
952 ## - LOCATION AND ITEM INFORMATION (KOHA)
--
952 ## - LOCATION AND ITEM INFORMATION (KOHA)
--
952 ## - LOCATION AND ITEM INFORMATION (KOHA)
--
952 ## - LOCATION AND ITEM INFORMATION (KOHA)
--
952 ## - LOCATION AND ITEM INFORMATION (KOHA)
--
952 ## - LOCATION AND ITEM INFORMATION (KOHA)
--
Holdings
Withdrawn status Lost status Source of classification or shelving scheme Damaged status Not for loan Home library Current library Shelving location Date acquired Total Checkouts Full call number Barcode Date last seen Copy number Price effective from Koha item type Uniform Resource Identifier
    Dewey Decimal Classification     College Library College Library General Reference 03/08/2006   GR. 348.044 Su959 CL43012 04/10/2026 c1 04/10/2026 GR
    Dewey Decimal Classification     College Library College Library General Reference 03/08/2006   GR. 348.044 Su959 43013 04/10/2026 c2 04/10/2026 GR
    Dewey Decimal Classification     College Library College Library General Reference 03/08/2006   GR. 348.044 Su959 43014 04/10/2026 c3 04/10/2026 GR
    Dewey Decimal Classification     College Library College Library General Reference 03/08/2006   GR. 348.044 Su959 43015 04/10/2026 c4 04/10/2026 GR
    Dewey Decimal Classification     College Library College Library General Reference 03/08/2006   GR. 348.044 Su959 43016 04/10/2026 c5 04/10/2026 GR
    Dewey Decimal Classification     College Library College Library General Reference 03/08/2006   GR. 348.044 Su959 43017 04/10/2026 c6 04/10/2026 GR
    Dewey Decimal Classification     College Library College Library General Reference 03/08/2006   GR. 348.044 Su959 43018 04/10/2026 c7 04/10/2026 GR
    Dewey Decimal Classification     College Library College Library General Reference 03/08/2006   GR. 348.044 Su959 43019 04/10/2026 c8 04/10/2026 GR
    Dewey Decimal Classification     College Library College Library General Reference 03/08/2006   GR. 348.044 Su959 43020 04/10/2026 c9 04/10/2026 GR
    Dewey Decimal Classification     College Library College Library General Reference 03/08/2006   GR. 348.044 Su959 43021 04/10/2026 c10 04/10/2026 GR